[Event "GP"]
[Site "Izmir TUR"]
[Date "2002.08.31"]
[Round "4"]
[White "Gelashvili, Tamaz"]
[Black "Shengelia, David"]
[Result "1/2-1/2"]
[WhiteElo "2551"]
[BlackElo "2421"]
[EventDate "2002.08.28"]

1.e4 c5 2.b3 d6 3.Bb2 Nf6 4.Bb5+ Nbd7 5.Nc3 g6 6.Nd5 Bg7 7.Nxf6+ exf6 8.Ne2 O-O 9.O-O Nb6 10.a4 a6 11.Bd3 d5 12.a5 c4 13.axb6 cxd3 14.cxd3 Qxb6 15.exd5 Bg4 16.h3 Bxe2 17.Qxe2 Qxb3 18.Ba3 Rfd8 19.Be7 Rd7 20.d6 f5 21.Rab1 Qd5 22.d4 Bxd4 23.Rfc1 Bc5 24.Rxc5 Qxc5 25.Qf3 Qc6 26.Qa3 Rc8 27.h4 h5 28.Re1 Re8 29.Re3 Qc2 30.Bf6 Re6 31.Rxe6 fxe6 32.Qe3 Kf7 33.Qh6 Kxf6 34.Qh8+ Rg7 35.Qf8+ Ke5 36.Qxg7+ Kxd6 37.Qxb7 Qc1+ 38.Kh2 Qc4 39.g3 Qb5 40.Qg7 Qb6 41.Kg1 a5 42.d4 Qb1+ 43.Kh2 Qc2 44.Kg1 a4 45.Qe5+ Kd7 46.Qg7+ Kc6 47.Qxg6 Qd1+ 48.Kg2 Kd5 49.Qe8 Qxd4 50.Qd7+ Kc5 51.Qa7+ Kd5 52.Qd7+ Ke5 53.Qc7+ Kf6 54.Qb8 Qd7 55.Qh8+ Ke7 56.Qxh5 Qd5+ 57.Kh2 a3 58.Qh7+ Kd6 59.Qa7 a2 60.h5 Qb3 61.h6 Qb2 62.Qa6+ Kd5 63.Qa8+ Kd6 64.Qd8+ Kc6 65.Qc8+ Kd6 66.Qd8+ 1/2-1/2

[Event "Open"]
[Site "Kavala GRE"]
[Date "2004.08.01"]
[Round "3"]
[White "Gelashvili, Tamaz"]
[Black "Kiss, Pa"]
[Result "1/2-1/2"]
[WhiteElo "2573"]
[BlackElo "2394"]
[EventDate "2004.07.31"]

1.e4 c5 2.b3 Nc6 3.Bb2 e6 4.Nf3 Nf6 5.e5 Nd5 6.g3 Be7 7.Bg2 O-O 8.O-O d6 9.exd6 Qxd6 10.Na3 Bf6 11.Nc4 Qc7 12.Bxf6 Nxf6 13.Qe2 b6 14.Nce5 Bb7 15.Nxc6 Bxc6 16.d4 cxd4 17.Nxd4 Bxg2 18.Kxg2 Rfd8 19.Nf3 Qb7 20.c4 Rd7 21.Rfd1 Rad8 22.Rxd7 Rxd7 23.Rd1 Kf8 24.Kg1 Qe4 25.Re1 Qxe2 26.Rxe2 Rd1+ 27.Kg2 Nd7 28.Rd2 Rxd2 29.Nxd2 Ke7 30.Kf3 f5 31.Ke3 Ne5 32.h3 Nc6 33.f4 e5 34.fxe5 Nxe5 35.Nb1 g5 36.Nc3 Ng6 37.Kd4 Ke6 38.Nb5 a5 39.Nc7+ Kd6 40.Nd5 Kc6 41.a3 h5 42.b4 axb4 43.axb4 h4 44.gxh4 Nxh4 45.b5+ Kb7 46.Ne7 g4 47.hxg4 fxg4 48.Ke3 g3 49.Nd5 Ng6 50.Kf3 1/2-1/2

[Event "3. IECC"]
[Site "Batumi GEO"]
[Date "2002.06.17"]
[Round "6"]
[White "Gelashvili, Tamaz"]
[Black "Shengelia, David"]
[Result "0-1"]
[WhiteElo "2547"]
[BlackElo "2415"]
[EventDate "2002.06.12"]

1.e4 c5 2.b3 d6 3.Bb2 Nf6 4.Bb5+ Nbd7 5.d3 g6 6.Bxd7+ Bxd7 7.f4 Bg7 8.Nf3 O-O 9.O-O b5 10.Qe2 a5 11.c4 a4 12.Nbd2 Qb6 13.Bc3 Qb7 14.h3 Rfe8 15.Qe1 b4 16.Bxf6 exf6 17.Qh4 f5 18.Rae1 axb3 19.axb3 Qc8 20.Re2 Qd8 21.Qf2 Ra2 22.Rfe1 Bc3 23.Kh2 fxe4 24.dxe4 Bc6 25.g4 Rb2 26.g5 Qa8 27.Kg3 Qa3 28.Re3 Rxb3 29.Nxb3 Qxb3 30.Nd2 Qc2 31.R3e2 Ra8 32.f5 Ra2 33.fxg6 hxg6 34.Rf1 Be8 35.e5 dxe5 36.Qxc5 Bxd2 37.Rxe5 Ra3+ 38.Rf3 Rxf3+ 39.Kxf3 Qd3+ 40.Kf2 Bc6 41.Qxc6 Qd4+ 42.Ke2 Qxe5+ 43.Kxd2 Qc3+ 44.Kd1 b3 45.Qe8+ Kg7 46.Qe4 Qa1+ 47.Kd2 b2 48.Qd4+ Kh7 49.Qf6 b1=Q 0-1

[Event "2. President's Cup"]
[Site "Baku AZE"]
[Date "2007.05.10"]
[Round "8"]
[White "Gelashvili, Tamaz"]
[Black "Hasanov, Asif"]
[Result "1-0"]
[WhiteElo "2605"]
[BlackElo "2353"]
[EventDate "2007.05.03"]

1.e4 c5 2.b3 Nc6 3.Bb2 e5 4.Bc4 Nf6 5.d3 d6 6.Ne2 Be7 7.O-O O-O 8.Nbc3 Rb8 9.a4 a6 10.Qd2 Nd4 11.a5 Nh5 12.f4 Nxe2+ 13.Nxe2 exf4 14.Nxf4 Bg5 15.Qc3 Bf6 16.Nxh5 Bxc3 17.Bxc3 Be6 18.Nxg7 Bxc4 19.bxc4 Re8 20.Nxe8 Qxe8 21.Rf3 b5 22.axb6 Rxb6 23.Raf1 Rb7 24.Rg3+ Kf8 25.h4 Qa4 26.Rf2 Qa3 27.Bg7+ Ke7 28.Kh2 Qc1 29.Bf6+ Kf8 30.Bg5 Qe1 31.Rf6 Rd7 32.Rh6 f5 33.exf5 a5 34.Re6 Qc3 35.f6 Qxc2 36.Re7 Rxe7 37.fxe7+ Ke8 38.Rf3 1-0

[Event "Open"]
[Site "Antalya TUR"]
[Date "2002.02.24"]
[Round "3"]
[White "Gelashvili, Tamaz"]
[Black "Sapar, Emelbek"]
[Result "1/2-1/2"]
[WhiteElo "2552"]
[BlackElo "2407"]
[EventDate "2002.02.22"]

1.e4 c5 2.b3 b6 3.Bb2 Bb7 4.Nc3 e6 5.f4 Nf6 6.e5 Nd5 7.Nxd5 Bxd5 8.Nf3 Be7 9.Bd3 O-O 10.O-O f5 11.Bc4 Bxc4 12.bxc4 Nc6 13.Qe2 Rf7 14.c3 Qc8 15.d4 Qa6 16.Nd2 Na5 17.d5 Raf8 18.Rf2 g5 19.Nb3 gxf4 20.Nxa5 Qxa5 21.Rxf4 Rg7 22.Qd3 Kh8 23.Bc1 Rfg8 24.g3 Bg5 25.Rf2 Bxc1 26.Rxc1 Qa4 27.Rcf1 Rg4 28.Rf4 Rxf4 29.Rxf4 Qxa2 30.dxe6 dxe6 31.Qd7 Rg6 32.Qd8+ Kg7 33.Qd1 Qb2 34.Rf3 Kh6 35.Rd3 a5 36.Qe1 Rg4 37.Rd6 Qc2 38.Rxe6+ Rg6 39.Qe3+ Kg7 40.Re7+ Kg8 41.Rd7 Qb1+ 42.Kf2 Qa2+ 43.Kg1 Qb1+ 44.Kf2 Qa2+ 45.Kg1 1/2-1/2

[Event "Open"]
[Site "Batumi GEO"]
[Date "2001.06.28"]
[Round "3"]
[White "Gelashvili, Tamaz"]
[Black "Gagunashvili, Merab"]
[Result "1-0"]
[WhiteElo "2535"]
[BlackElo "2414"]
[EventDate "2001.06.26"]

1.e4 c5 2.b3 d6 3.Bb2 Nf6 4.Bb5+ Bd7 5.Bxd7+ Nbxd7 6.d3 e5 7.Ne2 d5 8.exd5 Nxd5 9.O-O Be7 10.Nbc3 Nxc3 11.Nxc3 O-O 12.Nd5 Bd6 13.Qf3 Re8 14.Rae1 Re6 15.g3 Nb8 16.Qg4 Rg6 17.Qc4 Nc6 18.f4 exf4 19.Nxf4 Rg4 20.Ne6 Qh4 21.Rxf7 Rxc4 22.Rxg7+ Kh8 23.bxc4 Qh3 24.Rg5+ Nd4 25.Nxd4 Be5 26.Rexe5 h6 27.Re7 hxg5 28.Ne6+ Kg8 29.Rg7+ 1-0

[Event "12. Open"]
[Site "Dubai UAE"]
[Date "2010.04.07"]
[Round "3"]
[White "Gelashvili, Tamaz"]
[Black "Padmini, Rout"]
[Result "1-0"]
[WhiteElo "2621"]
[BlackElo "2319"]
[EventDate "2010.04.05"]

1.e4 c5 2.b3 d6 3.Bb2 Nf6 4.Bb5+ Nc6 5.Bxc6+ bxc6 6.d3 g6 7.e5 dxe5 8.Bxe5 Qd5 9.Nf3 Bg4 10.Nc3 Qxe5+ 11.Nxe5 Bxd1 12.Rxd1 Nd5 13.Na4 Bg7 14.Nc4 Nc3 15.Nxc3 Bxc3+ 16.Ke2 Rd8 17.Nd2 f5 18.h4 Kf7 19.Nf3 h5 20.Nd2 Rhe8 21.f3 e5 22.Nc4 Kg7 23.g3 Rd7 24.Kf2 Red8 25.Rdf1 Re8 26.Kg2 Ree7 27.Rf2 Re8 28.Re2 Ree7 29.Kh3 Kf6 30.Rf1 Rd4 31.Ne3 Kg7 32.g4 e4 33.Nd1 hxg4+ 34.fxg4 fxg4+ 35.Kg2 Ba5 36.Nf2 e3 37.Nd1 Bd2 38.Nb2 Rf7 39.Rxf7+ Kxf7 40.Nc4 Rf4 41.Nxe3 Ba5 42.Rf2 Rxf2+ 43.Kxf2 g5 44.h5 Kf6 45.Nxg4+ Kf5 46.Kf3 Bc3 47.Ne3+ Ke6 48.Kg4 Bf6 49.h6 Bd4 50.Nf5 Bf6 51.Ng3 1-0

[Event "HZ Open"]
[Site "Vlissingen NED"]
[Date "2000.08.01"]
[Round "5"]
[White "Gelashvili, Tamaz"]
[Black "Janssen, R"]
[Result "1-0"]
[WhiteElo "2519"]
[BlackElo "2414"]
[EventDate "2000.07.29"]

1.e4 c5 2.b3 e5 3.Bb2 d6 4.Bb5+ Bd7 5.Bxd7+ Qxd7 6.d3 Nc6 7.Ne2 g6 8.O-O Bg7 9.f4 Nge7 10.Nd2 O-O 11.Nc4 b5 12.Ne3 Nd4 13.f5 gxf5 14.Nxd4 exd4 15.Nxf5 Nxf5 16.Rxf5 Be5 17.Qf3 f6 18.Bc1 Qg7 19.Bf4 a5 20.a4 bxa4 21.Rxa4 Kh8 22.Ra1 Rg8 23.g3 Qe7 24.Bxe5 fxe5 25.Rf7 Rgf8 26.Rxa5 Qxf7 27.Qxf7 Rxf7 28.Rxa8+ Kg7 29.Ra1 Rd7 30.Rf1 Ra7 31.Kg2 Ra2 32.Rf2 Ra1 33.Kh3 Rc1 34.Kh4 Kg6 35.g4 Rg1 36.h3 Rc1 37.g5 Kg7 38.Kh5 Rh1 39.h4 Rc1 40.Rf6 Rxc2 41.Rxd6 Rc3 42.Rd7+ Kg8 43.Kh6 Rxd3 44.Rg7+ Kf8 45.Rxh7 Rxb3 46.Rc7 Rb8 47.Kh7 1-0

[Event "Open"]
[Site "Dieren NED"]
[Date "2000.07.27"]
[Round "9"]
[White "Gelashvili, Tamaz"]
[Black "Hoeksema, Hendrik Pieter"]
[Result "1-0"]
[WhiteElo "2519"]
[BlackElo "2409"]
[EventDate "2000.07.18"]

1.e4 c5 2.b3 Nc6 3.Bb2 d6 4.Bb5 Bd7 5.f4 a6 6.Bxc6 Bxc6 7.d3 e6 8.Nf3 Nf6 9.O-O Be7 10.Nbd2 b5 11.Qe1 O-O 12.Qg3 a5 13.e5 dxe5 14.Nxe5 Bb7 15.a4 bxa4 16.Rxa4 Ne8 17.Rfa1 f6 18.Nec4 Bc6 19.Rxa5 Rxa5 20.Nxa5 Ba8 21.Nac4 Nc7 22.Re1 Re8 23.Qf2 Bf8 24.Ne4 Nd5 25.Bc1 Qc7 26.Be3 Nxe3 27.Rxe3 Bd5 28.Nc3 Bc6 29.Re1 Qf7 30.Ne4 Qh5 31.h3 Rd8 32.Ng3 Qd5 33.f5 exf5 34.Nxf5 Qd7 35.Ng3 Qc7 36.Ne4 Re8 37.Re3 Kh8 38.Ng3 Rd8 39.Ne2 Ra8 40.Qg3 Qd8 41.Nf4 Qb8 42.Ne6 Qxg3 43.Rxg3 Kg8 44.Nxf8 Kxf8 45.Re3 Kf7 46.Kf2 Ra6 47.Re2 Bd5 48.Ne3 Be6 49.Ke1 g5 50.Kd2 f5 51.Kc3 f4 52.Nc4 Kf6 53.Nd2 Rc6 54.d4 Bf5 55.d5 Rd6 56.Kc4 Bxc2 57.Kxc5 Ra6 58.d6 Bf5 59.Nc4 h5 60.Nb6 Ra7 61.Nd5+ Kf7 62.Re5 1-0

[Event "3. President's Cup"]
[Site "Baku AZE"]
[Date "2008.05.13"]
[Round "2"]
[White "Gelashvili, Tamaz"]
[Black "Batsiashvili, Nino"]
[Result "1-0"]
[WhiteElo "2622"]
[BlackElo "2304"]
[EventDate "2008.05.12"]

1.e4 c5 2.b3 d6 3.Bb2 Nf6 4.Bb5+ Bd7 5.Bxd7+ Qxd7 6.Nc3 Nc6 7.f4 g6 8.Nf3 Bg7 9.Qe2 O-O 10.O-O d5 11.e5 Ne8 12.d4 cxd4 13.Nb5 Nc7 14.Nbxd4 e6 15.Rfd1 Rfc8 16.c4 Qe7 17.a4 Nb4 18.a5 dxc4 19.bxc4 Nca6 20.Nb5 Qc5+ 21.Kh1 Qxc4 22.Rd8+ 1-0

[Event "HZ Open"]
[Site "Vlissingen NED"]
[Date "2000.08.03"]
[Round "7"]
[White "Gelashvili, Tamaz"]
[Black "Wehmeier, Stefan Dr"]
[Result "1-0"]
[WhiteElo "2519"]
[BlackElo "2390"]
[EventDate "2000.07.29"]

1.e4 c5 2.b3 Nf6 3.e5 Nd5 4.Bb2 d6 5.Nf3 Nc6 6.Bb5 Nc7 7.Bxc6+ bxc6 8.exd6 exd6 9.O-O Ne6 10.d4 d5 11.Re1 Qb6 12.Nc3 c4 13.Na4 Qb5 14.Ng5 Be7 15.Nxe6 Bxe6 16.Nc5 Bxc5 17.dxc5 Qxc5 18.Bxg7 Rg8 19.Bd4 Qe7 20.bxc4 Qg5 21.g3 dxc4 22.Qf3 Qd5 23.Qf4 O-O-O 24.Rab1 Rd6 25.Bxa7 Rgd8 26.Qh4 c5 27.Rb5 Rc6 28.Reb1 Re8 29.Qf4 Kd8 30.Rb7 Re7 31.Qh4 Bd7 32.Rb8+ Bc8 33.Re1 Re6 34.Rxe6 Qxe6 35.Bxc5 Qe1+ 36.Kg2 Qe4+ 37.Qxe4 Rxe4 38.Kf3 Re1 39.c3 Kc7 40.Rb2 Bb7+ 41.Kf4 Re4+ 42.Kf5 Re6 43.Bd4 Be4+ 44.Kf4 Bd3 45.a4 Ra6 46.a5 Kc8 47.Rb5 Bc2 48.Bb6 Kd7 49.Rc5 Bd3 50.Ke5 Ra8 51.Rc7+ Ke8 52.Kf6 1-0

[Event "Kalamaria Open"]
[Site "Thessaloniki GRE"]
[Date "2007.08.26"]
[Round "3"]
[White "Gelashvili, Tamaz"]
[Black "Lauridsen, Jesper Morch"]
[Result "1-0"]
[WhiteElo "2604"]
[BlackElo "2295"]
[EventDate "2007.08.25"]

1.e4 c5 2.b3 Nf6 3.e5 Nd5 4.Bb2 e6 5.Nf3 Nc6 6.g3 Be7 7.Bg2 b5 8.O-O Qb6 9.a4 bxa4 10.Rxa4 Rb8 11.d3 Bb7 12.Nbd2 Qc7 13.Rg4 g6 14.Ne4 Rg8 15.Qd2 h5 16.Rg5 Qa5 17.Qe2 Qa2 18.c4 Ndb4 19.Nf6+ Bxf6 20.exf6 Qxb3 21.Ne5 Nc2 22.Qxh5 Qxb2 23.Rxg6 fxg6 24.Qh7 1-0

[Event "39. World Open"]
[Site "Philadelphia, PA USA"]
[Date "2011.06.30"]
[Round "1"]
[White "Gelashvili, Tamaz"]
[Black "Shen, Victor C"]
[Result "1-0"]
[WhiteElo "2611"]
[BlackElo "2281"]
[EventDate "2011.06.30"]

1.e4 c5 2.b3 b6 3.Bb2 Bb7 4.Nc3 e6 5.Qf3 a6 6.O-O-O Nf6 7.Re1 d6 8.Qg3 Nc6 9.f4 Qd7 10.e5 dxe5 11.fxe5 Nd5 12.Nxd5 Qxd5 13.Nf3 O-O-O 14.Bd3 h6 15.Rhf1 Qd7 16.Be4 g6 17.d3 Ne7 18.Bxb7+ Qxb7 19.Kb1 Nf5 20.Qf2 h5 21.Ng5 Rd5 22.g3 Qe7 23.Ne4 Bg7 24.Nd6+ Kb8 25.Qf3 Rd8 26.h3 Rd7 27.Nxf5 exf5 28.e6 fxe6 29.Bxg7 Qxg7 30.Rxe6 R7d6 31.Re8+ Kc7 32.Rfe1 Qd4 33.Rg8 b5 34.Re7+ Kb6 35.Qe3 Qxe3 36.Rxe3 Rd4 37.a3 h4 38.Kb2 Rf6 39.gxh4 Rxh4 40.Rg3 Rh6 41.b4 f4 42.Rf3 Rh5 43.Re8 Rd5 44.Kb3 Rd4 45.Re5 cxb4 46.axb4 Kc6 47.h4 Rd5 48.Re4 Rdf5 49.c4 Kd6 50.Kc3 Kc6 51.Rd4 bxc4 52.dxc4 g5 53.hxg5 Rxg5 54.Rdxf4 Rxf4 55.Rxf4 Rg6 56.Kd4 Rh6 57.Ke5 Rh5+ 58.Rf5 Rh4 59.Rf6+ Kb7 60.Kd5 Rh5+ 61.Kd6 Rh4 62.Rf7+ Kb8 63.Kc5 Rh6 64.Rd7 Rh5+ 65.Kb6 Rh6+ 66.Ka5 Rg6 67.c5 Rg4 68.Rd6 Kb7 69.Rb6+ 1-0

[Event "8. Dubai Open"]
[Site "Dubai UAE"]
[Date "2006.04.25"]
[Round "3"]
[White "Gelashvili, Tamaz"]
[Black "Amanov, Mesgen"]
[Result "1-0"]
[WhiteElo "2576"]
[BlackElo "2305"]
[EventDate "2006.04.23"]

1.e4 c5 2.b3 d6 3.Bb2 Nf6 4.Bb5+ Bd7 5.Bxd7+ Qxd7 6.d3 Nc6 7.f4 e6 8.Nf3 Be7 9.O-O d5 10.Ne5 Qc7 11.Nxc6 Qxc6 12.e5 Nd7 13.c4 dxc4 14.dxc4 O-O-O 15.Qe2 f5 16.exf6 gxf6 17.Nc3 Rhg8 18.Rae1 f5 19.g3 Rg6 20.Nb5 Kb8 21.Be5+ Nxe5 22.Qxe5+ Ka8 23.Nc7+ Kb8 24.Nxe6+ Rd6 25.Qh8+ Qc8 26.Qxc8+ Kxc8 27.Nd4 cxd4 28.Rxe7 Rge6 29.Rxe6 Rxe6 30.Rd1 Re4 31.Kf2 Kc7 32.Re1 Kd6 33.Rxe4 fxe4 34.b4 Ke6 35.g4 a6 36.Ke2 Kd6 37.h4 Ke6 38.h5 Kd6 39.g5 Ke6 40.g6 hxg6 41.hxg6 1-0

[Event "Athens GRE"]
[Site "Athens GRE"]
[Date "1998.??.??"]
[Round "1"]
[White "Gelashvili, Tamaz"]
[Black "Velickovic, Sasa"]
[Result "1/2-1/2"]
[WhiteElo "2485"]
[BlackElo "2395"]
[EventDate "1998.??.??"]

1.e4 c5 2.b3 Nc6 3.Bb2 e5 4.Bb5 Nd4 5.Bc4 d6 6.Ne2 Nf6 7.Nbc3 Be7 8.O-O a6 9.a4 O-O 10.Ng3 Bd7 11.Nd5 Nxd5 12.Bxd5 Bc6 13.Bxc6 bxc6 14.Bxd4 cxd4 15.Qg4 g6 16.d3 Qc8 17.h3 Kh8 18.Qxc8 Raxc8 19.Rfe1 Bg5 20.Re2 f5 21.Nf1 Rf7 22.Nh2 Rcf8 23.Nf3 Bh6 24.Rae1 Kg7 25.Kf1 Bf4 26.Kg1 h5 27.h4 Bh6 28.Ra1 Kf6 29.a5 Rb8 30.Ra4 c5 31.Kf1 Ke6 32.Re1 Kd7 33.Rc4 Rb5 34.Ra4 Rf8 35.Ke2 Kc6 36.Rh1 Rb7 37.Rh3 Bf4 38.Ng5 Bxg5 39.hxg5 fxe4 40.dxe4 d5 41.Rh4 dxe4 42.Rxe4 Kd5 43.f3 Rf5 44.Kd3 Rbf7 45.c4+ dxc3 46.Kxc3 Rxg5 47.Re2 Rf4 48.Rae4 Rxe4 49.fxe4+ Kc6 50.Kc4 Rg4 51.b4 cxb4 52.Kxb4 Rf4 53.Rc2+ Kd6 54.Rd2+ Ke6 55.Re2 Rf1 56.Rc2 Rb1+ 57.Ka4 Rd1 58.Kb3 Kd6 59.Rc8 Rd3+ 60.Kc4 Rd4+ 61.Kb3 Rxe4 62.Ra8 Rg4 63.Rxa6+ Kc5 64.Re6 Rg3+ 65.Ka4 Kd5 66.a6 Rxg2 67.Kb3 Rg3+ 68.Kb2 Rf3 69.a7 Rf8 70.Rxg6 Ra8 71.Rg7 Kd4 72.Kc2 Ke3 73.Kd1 e4 74.Rh7 h4 75.Rxh4 Rxa7 76.Rh3+ Kf2 77.Rh2+ Kg3 78.Rh8 Kf3 79.Rh3+ Kf2 80.Rh2+ Kg3 81.Rh8 Ra2 82.Ke1 Kf3 83.Rh3+ Kg4 84.Rb3 1/2-1/2

[Event "3. Int Open"]
[Site "Korinthos GRE"]
[Date "1999.07.26"]
[Round "3"]
[White "Gelashvili, Tamaz"]
[Black "Tzoumbas, Anastasios"]
[Result "1-0"]
[WhiteElo "2531"]
[BlackElo "2347"]
[EventDate "1999.07.27"]

1.e4 c5 2.b3 b6 3.Bb2 Bb7 4.Nc3 e6 5.f4 Nc6 6.Nf3 Nge7 7.d3 d5 8.Qe2 d4 9.Nb1 e5 10.f5 h5 11.g3 g6 12.fxg6 Nxg6 13.h4 Bh6 14.Bh3 Be3 15.Na3 b5 16.Kd1 Qa5 17.Nb1 c4 18.dxc4 Rd8 19.a3 bxc4 20.Qxc4 d3 21.c3 Qb6 22.Qa4 d2 23.Kc2 O-O 24.Nbxd2 Bxd2 25.Nxd2 Qe3 26.Rad1 Rxd2+ 27.Rxd2 Nd4+ 28.cxd4 Qxe4+ 29.Kc3 Qxh1 30.Bd7 e4 31.Kc2 Bd5 32.Qb5 e3 33.Re2 Be4+ 34.Kc3 Qg1 35.Qg5 Qd1 36.Qxe3 Bd5 37.Kb4 Rb8+ 38.Kc5 Bxb3 39.Bf5 Qh1 40.Qe4 Qxe4 41.Bxe4 Nf8 42.d5 Rd8 43.Re3 Rc8+ 44.Kd6 Rd8+ 45.Kc7 Rd7+ 46.Kc6 Ba4+ 47.Kc5 Rb7 48.Bc3 Nd7+ 49.Kd4 Nb6 50.Ba5 Nd7 51.Rc3 Rb5 52.Bd8 Rb8 53.Be7 Rb2 54.Bf3 Kg7 55.Bxh5 Nb6 56.Bf3 Rd2+ 57.Rd3 Rf2 58.Bg5 Bb5 59.Rc3 Na4 60.Rb3 a6 61.h5 f6 62.Bf4 Rc2 63.h6+ Kh8 64.Bd6 Rc4+ 65.Ke3 Nb6 66.Be4 Rc1 67.Bf8 Nc4+ 68.Kf4 Nd2 69.Bg7+ Kg8 70.Bxf6 Rf1+ 71.Rf3 Rh1 72.h7+ Rxh7 73.Bxh7+ Kxh7 74.Re3 Nc4 75.Re7+ Kg6 76.Bd4 Nxa3 77.d6 1-0

[Event "ECC"]
[Site "Panormo GRE"]
[Date "2001.09.24"]
[Round "2"]
[White "Gelashvili, Tamaz"]
[Black "Thoma, Robert"]
[Result "1-0"]
[WhiteElo "2506"]
[BlackElo "2358"]
[EventDate "2001.09.22"]

1.e4 c5 2.b3 Nc6 3.Bb2 e5 4.Bb5 Nd4 5.Bc4 Qg5 6.Bxd4 Qxg2 7.Qh5 Nh6 8.Qxe5+ Kd8 9.Be3 Qxh1 10.f3 Qg2 11.Nc3 d6 12.Qd5 Qxh2 13.d4 Rb8 14.dxc5 Be6 15.Qd3 Bxc4 16.Qxc4 Qxc2 17.Nge2 Be7 18.Rd1 b5 19.Qb4 Kd7 20.c6+ Ke8 21.Rd2 a5 22.c7 1-0

[Event "10. Neckar Open A"]
[Site "Deizisau GER"]
[Date "2006.04.14"]
[Round "2"]
[White "Gelashvili, Tamaz"]
[Black "Gesser, Bella"]
[Result "1-0"]
[WhiteElo "2576"]
[BlackElo "2288"]
[EventDate "2006.04.13"]

1.e4 c5 2.b3 d6 3.Bb2 Nc6 4.Bb5 Bd7 5.f4 e5 6.Nf3 Nf6 7.fxe5 Nxe5 8.Bxd7+ Nfxd7 9.O-O Be7 10.Nxe5 dxe5 11.d3 Bg5 12.Qe2 O-O 13.Nc3 Nb6 14.Kh1 Rc8 15.Rf3 Rc6 16.Raf1 Rf6 17.Rxf6 Bxf6 18.a4 g6 19.Ba3 Nd7 20.Nd5 Bg7 21.b4 b6 22.Qe3 cxb4 23.Bxb4 Re8 24.Qf3 f6 25.Qg4 Nb8 26.c4 Na6 27.Be7 Qc8 28.Qxc8 Rxc8 29.Bxf6 Rf8 30.Ne7+ Kh8 31.Bxg7+ Kxg7 32.Rxf8 Kxf8 33.Nc6 Nc5 34.Nxa7 Nxd3 35.Nc8 Nf2+ 36.Kg1 Nxe4 37.Nxb6 Ke7 38.a5 Nc5 39.Kf2 Kd6 40.Ke3 Ke6 41.Nd5 Na6 42.Nc3 h6 43.Ne4 Kf5 44.Kf3 h5 45.h4 Ke6 46.g4 Nb8 1-0

[Event "TUR-GEO Chess Summit"]
[Site "Ankara TUR"]
[Date "2002.08.06"]
[Round "3"]
[White "Gelashvili, Tamaz"]
[Black "Olcayoz, Alper"]
[Result "1-0"]
[WhiteElo "2551"]
[BlackElo "2312"]
[EventDate "2002.08.05"]

1.e4 c5 2.b3 Nc6 3.Bb2 d6 4.Bb5 Bd7 5.f4 e6 6.Nf3 Nf6 7.d3 Be7 8.O-O O-O 9.Nbd2 a6 10.Bxc6 Bxc6 11.Qe1 b5 12.Qg3 a5 13.e5 Nh5 14.Qg4 g6 15.exd6 Qxd6 16.Ne5 a4 17.Qe2 a3 18.Bc3 Nf6 19.Nxc6 Qxc6 20.Qe5 Qd5 21.Ne4 Qxe5 22.Bxe5 Nxe4 23.dxe4 f6 24.Bc3 b4 25.Bd2 Rfd8 26.Be3 c4 27.Rfd1 Rdc8 28.Rd2 Ra6 29.Rad1 Rac6 30.Kf2 Kf8 31.Ke2 f5 32.e5 Ke8 33.Rd7 cxb3 34.cxb3 Rc2+ 35.R1d2 Rb2 36.Rd3 Rc1 37.Bd4 Rbb1 38.Rh3 h5 39.Rg3 Kf7 40.Rf3 g5 41.g3 g4 42.Re3 h4 43.Kd3 h3 44.Rc2 Rd1+ 45.Kc4 Rg1 46.Ree2 Rgd1 47.Bc5 Rdc1 48.Bxe7 Kxe7 49.Rxc1 Rxc1+ 50.Kxb4 Rg1 51.Kxa3 Rg2 52.Rb2 Kd7 53.b4 Kc6 54.Kb3 Kd5 55.a4 Kc6 56.Kc3 Kb6 57.b5 Kb7 58.a5 Ka7 59.Rd2 Kb7 60.Rd7+ Kc8 61.Rh7 Rxh2 62.a6 Ra2 63.a7 h2 64.Rxh2 Rxa7 65.Rh8+ 1-0

[Event "BCSA Open"]
[Site "Batumi GEO"]
[Date "2003.07.25"]
[Round "9"]
[White "Gelashvili, Tamaz"]
[Black "Makharadze, Jambul"]
[Result "1/2-1/2"]
[WhiteElo "2520"]
[BlackElo "2341"]
[EventDate "2003.07.16"]

1.e4 c5 2.b3 d6 3.Bb2 Nf6 4.Bb5+ Nbd7 5.d3 g6 6.Bxd7+ Bxd7 7.f4 Bg7 8.Nf3 O-O 9.O-O b5 10.c4 bxc4 11.bxc4 Rb8 12.Bc3 Qb6 13.Qe1 Bg4 14.Nfd2 Bd7 15.Nb3 Ba4 16.N1d2 Nd7 17.Bxg7 Kxg7 18.Qh4 Qd8 19.f5 Ne5 20.Nf3 Nxf3+ 21.Rxf3 Bxb3 22.axb3 Rxb3 23.Rxa7 Rb1+ 24.Kf2 Rb2+ 25.Ke3 Rxg2 26.fxg6 hxg6 27.Qxe7 Qxe7 28.Rxe7 Rxh2 29.Rd7 Rh5 30.Rxd6 f5 31.e5 f4+ 32.Ke4 Rh1 33.Kd5 g5 34.e6 Re1 35.Rh3 f3 36.Rd7+ Kg6 37.Rf7 Rd8+ 38.Rd7 Rf8 39.Rf7 Rd8+ 40.Kxc5 Rxd3 41.Rhxf3 Re5+ 42.Kb4 Rxf3 43.Rxf3 g4 44.Rf8 Rxe6 45.c5 Kg5 46.Kb5 Re1 47.c6 Rc1 48.Kb6 Rb1+ 1/2-1/2

[Event "GP"]
[Site "Izmir TUR"]
[Date "2002.09.04"]
[Round "8"]
[White "Gelashvili, Tamaz"]
[Black "Calotescu, Ana-Cristina"]
[Result "1-0"]
[WhiteElo "2551"]
[BlackElo "2306"]
[EventDate "2002.08.28"]

1.e4 c5 2.b3 Nc6 3.Bb2 e5 4.Bc4 Nf6 5.Nc3 Be7 6.d3 d6 7.Nge2 a6 8.a4 Rb8 9.O-O Nd4 10.Qd2 O-O 11.a5 Nc6 12.Nd5 Nxd5 13.Bxd5 Be6 14.Bxc6 bxc6 15.f4 Rb5 16.fxe5 dxe5 17.Bc1 Bg4 18.Nc3 Rb4 19.Qe1 Bh4 20.Qe3 Rd4 21.h3 Bc8 22.Ne2 Rd6 23.Qxc5 Rg6 24.Rf3 Re8 25.Bd2 Be6 26.Raf1 Qc8 27.Kh2 h5 28.Ng3 Bxg3+ 29.Rxg3 Rxg3 30.Kxg3 f6 31.Qb6 Rd8 32.Be3 Qa8 33.Kh2 Bf7 34.Kg1 Rb8 35.Qc7 Rc8 36.Qe7 Re8 37.Qc5 Qb7 38.Ra1 Rb8 39.Qd6 Qc8 40.Ra4 Rb7 41.Rb4 Rxb4 42.Qxb4 Be6 43.Qb6 Kh7 44.Kf2 g5 45.d4 exd4 46.Bxd4 Kg6 47.Bc3 Bf7 48.b4 Be8 49.b5 g4 50.bxa6 gxh3 51.Qd4 Qe6 52.a7 c5 53.Qd5 Qxd5 54.exd5 h2 55.a8=Q 1-0

[Event "6. WUCC"]
[Site "Golden Sands BUL"]
[Date "2000.09.05"]
[Round "5"]
[White "Gelashvili, Tamaz"]
[Black "Gal, Jozsef Istvan"]
[Result "1-0"]
[WhiteElo "2519"]
[BlackElo "2335"]
[EventDate "2000.09.01"]

1.e4 c5 2.b3 e5 3.Bb2 Nc6 4.Bb5 d6 5.Bxc6+ bxc6 6.Ne2 Nf6 7.d3 Be7 8.O-O Nd7 9.f4 Bf6 10.Nd2 exf4 11.Bxf6 Nxf6 12.Nxf4 Ng4 13.Qe1 Ne5 14.Nf3 Qe7 15.Qg3 Nxf3+ 16.Rxf3 O-O 17.Nh5 Qe5 18.Qxe5 dxe5 19.Ng3 f6 20.Nf1 Kf7 21.Ne3 Be6 22.g4 Ke7 23.Kf2 h5 24.Nf5+ Kf7 25.gxh5 Bxf5 26.Rxf5 Rh8 27.Ke2 Rh6 28.Raf1 Ke6 29.Rg1 Kf7 30.Kd2 Rah8 31.Kc3 Rxh5 32.Rxh5 Rxh5 33.Rg2 f5 34.exf5 Rxf5 35.Kc4 g6 36.Kxc5 e4+ 37.Kd4 exd3 38.cxd3 c5+ 39.Kc4 Kf6 40.Re2 a6 41.Re8 Rh5 42.Ra8 Rxh2 43.Rxa6+ Kf5 44.Kxc5 g5 45.Ra8 g4 46.Rf8+ Ke5 47.a4 g3 48.d4+ Ke4 49.Rg8 Rc2+ 50.Kb5 Rc3 51.b4 Kxd4 52.a5 Kd5 53.a6 1-0

[Event "Open"]
[Site "Batumi GEO"]
[Date "2001.07.05"]
[Round "9"]
[White "Gelashvili, Tamaz"]
[Black "Mamedov, Rauf"]
[Result "1-0"]
[WhiteElo "2535"]
[BlackElo "2306"]
[EventDate "2001.06.26"]

1.e4 c5 2.b3 Nc6 3.Bb2 e5 4.Bb5 Nge7 5.Ne2 d6 6.O-O a6 7.Bxc6+ Nxc6 8.f4 g6 9.Nbc3 Bg7 10.Nd5 Be6 11.c4 Bxd5 12.exd5 Nd4 13.Bxd4 exd4 14.Ng3 O-O 15.Qf3 f5 16.Nh1 d3 17.Rad1 Bd4+ 18.Nf2 Qa5 19.a4 b5 20.axb5 axb5 21.Qxd3 bxc4 22.bxc4 Qa3 23.Qxa3 Rxa3 24.Rfe1 Kf7 25.Kf1 Re8 26.Rxe8 Kxe8 27.Nh3 h6 28.Re1+ Kf7 29.Re6 Ra2 30.Ke1 Ra1+ 31.Ke2 Ra2 32.Rxd6 Bc3 33.Kd3 Bxd2 34.Rc6 Bc1 35.Rxc5 Rxg2 36.Rc7+ Kf6 37.c5 Rxh2 38.Ng1 Rd2+ 39.Kc4 Rc2+ 40.Kb5 Bxf4 41.Rc6+ Ke5 42.d6 Ke6 43.Nf3 Be3 44.Rc7 Rb2+ 45.Kc6 1-0

[Event "Open"]
[Site "Kavala GRE"]
[Date "2007.08.05"]
[Round "1"]
[White "Gelashvili, Tamaz"]
[Black "Skiadopoulos, Nikolaos"]
[Result "1-0"]
[WhiteElo "2604"]
[BlackElo "2211"]
[EventDate "2007.08.05"]

1.e4 c5 2.b3 Nc6 3.Bb2 d6 4.Bb5 Bd7 5.f4 a6 6.Bxc6 Bxc6 7.d3 Nf6 8.Qe2 e6 9.Nf3 Qc7 10.Nbd2 h6 11.O-O O-O-O 12.e5 Nd5 13.exd6 Bxd6 14.Ne5 Rhe8 15.Ne4 Bf8 16.Rae1 f5 17.Nc3 g5 18.Nxd5 Bxd5 19.Nc4 Bxc4 20.bxc4 Bd6 21.Be5 Bxe5 22.Qxe5 Qxe5 23.Rxe5 b6 24.a4 a5 25.fxg5 hxg5 26.g4 fxg4 27.Rf7 Rd7 28.Rxd7 Kxd7 29.Rxg5 Kd6 30.Kg2 Rf8 31.Rxg4 Ke5 32.h4 Rh8 33.Kg3 Rf8 34.Re4+ Kd6 35.h5 Rh8 36.Rh4 Ke5 37.h6 Kf5 38.h7 Kg5 39.Rh1 Kf5 40.Kf3 Ke5 41.Ke3 Kf5 42.Rh2 e5 43.Rh1 1-0

[Event "Open"]
[Site "Dieren NED"]
[Date "2000.07.20"]
[Round "3"]
[White "Gelashvili, Tamaz"]
[Black "L'Ami, Erwin"]
[Result "1-0"]
[WhiteElo "2519"]
[BlackElo "2295"]
[EventDate "2000.07.18"]

1.e4 c5 2.b3 Nc6 3.Bb2 e5 4.Bb5 Nge7 5.Ne2 d6 6.O-O g6 7.f4 Bg7 8.Ng3 O-O 9.f5 gxf5 10.Bxc6 bxc6 11.exf5 Nd5 12.Nc3 Nf6 13.Nce4 Qe7 14.Nxf6+ Bxf6 15.Ne4 Kh8 16.Qh5 d5 17.Nxf6 Qxf6 18.Rae1 d4 19.Qe2 Re8 20.Ba3 a5 21.Bxc5 Ba6 22.d3 Rad8 23.a3 Rd5 24.b4 Rg8 25.Rf3 Rg5 26.Qd2 Qg7 27.Bf8 Qxf8 28.Qxg5 f6 29.Qh4 a4 30.Re4 c5 31.bxc5 Rxc5 32.Rg4 Bb7 33.Rfg3 Bd5 34.Rg6 Rc6 35.Qxh7+ Kxh7 36.Rh3+ 1-0

[Event "Saraybahce GP"]
[Site "Kocaeli TUR"]
[Date "2002.08.19"]
[Round "3"]
[White "Gelashvili, Tamaz"]
[Black "Ulker, Ates"]
[Result "1-0"]
[WhiteElo "2551"]
[BlackElo "2261"]
[EventDate "2002.08.17"]

1.e4 c5 2.b3 e6 3.Bb2 Nc6 4.Nf3 d6 5.d4 Nf6 6.Bd3 cxd4 7.Nxd4 Bd7 8.O-O Be7 9.c4 a6 10.Qe2 O-O 11.Nxc6 Bxc6 12.Nc3 Qa5 13.f4 Qh5 14.Qxh5 Nxh5 15.Rae1 Nf6 16.Nd5 exd5 17.exd5 Bd8 18.dxc6 Bb6+ 19.Kh1 Ng4 20.cxb7 Rae8 21.Rxe8 Rxe8 22.Ba3 Nf2+ 23.Rxf2 Bxf2 24.g3 Ba7 25.Bxd6 Re1+ 26.Kg2 Rd1 27.c5 Rxd3 28.c6 Rd2+ 29.Kf1 Rd1+ 30.Kg2 Rd2+ 31.Kh3 1-0